000 01016nam a2200289 i 4500
001 150107
003 ES-MaACL
005 20260202131743.0
007 t|
008 071026s1927 sp ||||1| spa d
080 _a821.134.2-31"19
080 _a94(460)"1843/68"(0:82)
100 1 _aValle-Inclán, Ramón del,
_d1866-1936
_9112796
245 1 3 _aLa corte de los milagros /
_cpor Ramón del Valle-Inclán.
260 _a[Madrid :
_bs.n.],
_c1927 (
_fImp. Rivadeneyra)
300 _a372 p. ;
_c19 cm.
490 1 _aOpera omnia ;
_v21
490 1 _aEl ruedo ibérico. Primera serie ;
_v1
530 _aDisponible en formato digital.
651 4 _aEspaña-
_xHistoria-
_y1843-1868, Isabel II-
_vNovelas.
_9166739
830 0 _aOpera omnia ;
_v21
_9187581
830 0 3 _aEl Ruedo Ibérico.
_pPrimera serie
_v1
_9227238
852 _aES-MaACL
_jB-262
_cSPB
856 4 _uhttp://bdh-rd.bne.es/viewer.vm?id=0000200707&page=1
_yBiblioteca Digital Hispánica
942 _2udc
999 _c150107
_d150107